00229nam a2200097Ia 4500008004100000100002500041245003200066260001700098300000800115650000800123191201s2014 xx 000 0 und d aSINGH, IK Vinder Pal 0aData Mining and Warehousing bKhannac2014 a321 aMCA